<?xml version="1.0" encoding="UTF-8"?><?xml-stylesheet type="text/xsl" href="static/style.xsl"?><OAI-PMH xmlns="http://www.openarchives.org/OAI/2.0/" xmlns:xsi="http://www.w3.org/2001/XMLSchema-instance" xsi:schemaLocation="http://www.openarchives.org/OAI/2.0/ http://www.openarchives.org/OAI/2.0/OAI-PMH.xsd"><responseDate>2026-04-14T07:08:06Z</responseDate><request verb="GetRecord" identifier="oai:www.recercat.cat:10459.1/467916" metadataPrefix="marc">https://recercat.cat/oai/request</request><GetRecord><record><header><identifier>oai:recercat.cat:10459.1/467916</identifier><datestamp>2025-09-15T18:56:52Z</datestamp><setSpec>com_2072_3622</setSpec><setSpec>col_2072_479130</setSpec></header><metadata><record xmlns="http://www.loc.gov/MARC21/slim" xmlns:dcterms="http://purl.org/dc/terms/" xmlns:xsi="http://www.w3.org/2001/XMLSchema-instance" xmlns:doc="http://www.lyncode.com/xoai" xsi:schemaLocation="http://www.loc.gov/MARC21/slim http://www.loc.gov/standards/marcxml/schema/MARC21slim.xsd">
   <leader>00925njm 22002777a 4500</leader>
   <datafield ind2=" " ind1=" " tag="042">
      <subfield code="a">dc</subfield>
   </datafield>
   <datafield ind2=" " ind1=" " tag="720">
      <subfield code="a">Vidilla, M.</subfield>
      <subfield code="e">author</subfield>
   </datafield>
   <datafield ind2=" " ind1=" " tag="720">
      <subfield code="a">Ferrando, A.</subfield>
      <subfield code="e">author</subfield>
   </datafield>
   <datafield ind2=" " ind1=" " tag="720">
      <subfield code="a">Villalba Mata, Daniel</subfield>
      <subfield code="e">author</subfield>
   </datafield>
   <datafield ind2=" " ind1=" " tag="720">
      <subfield code="a">Jordana, Jordi</subfield>
      <subfield code="e">author</subfield>
   </datafield>
   <datafield ind2=" " ind1=" " tag="260">
      <subfield code="c">2011-04-13</subfield>
   </datafield>
   <datafield ind2=" " ind1=" " tag="520">
      <subfield code="a">The results of the productive characterisation of the Blanca de Rasquera goat meat breed are presented within the framework of a Conservation Programme. The 125 animals included in the study were randomly chosen from among six farms under an extensive production system and natural lactation. The growth of kids was characterised by quantifying body weight from birth to slaughter. The influence of sex and type of birth on growth was evaluated. Kids showed a good growth rate (123 g/day on average for the period 0-45 days), comparable to, or slightly lower than, other Spanish autochthonous meat breeds. As expected, the type of birth and sex significantly influenced weight and the growth of kids.
A random sample of 36 individuals was analysed in relation to the αS1-casein gene (CSN1S1). A greater frequency (62.5%) was found for alleles associated with high αS1-casein quantity in milk, indicating its good potential and technological quality for cheese production.</subfield>
   </datafield>
   <datafield ind2=" " ind1=" " tag="520">
      <subfield code="a">This work has been supported by the Department of Agriculture, Food and Rural Action (DAR) of the Government of Catalonia.</subfield>
   </datafield>
   <datafield tag="653" ind2=" " ind1=" ">
      <subfield code="a">Conservation</subfield>
   </datafield>
   <datafield tag="653" ind2=" " ind1=" ">
      <subfield code="a">Blanca de Rasquera</subfield>
   </datafield>
   <datafield ind2="0" ind1="0" tag="245">
      <subfield code="a">Productive characterisation of a goat breed: study of growth and CSN1S1 gene polymorphism</subfield>
   </datafield>
</record></metadata></record></GetRecord></OAI-PMH>